1961 1321 1203 1314 1246 1382 1883 1315 1447 1033 1325 1123 1071 1899 1415 1419 1706 1311 1791 1381 1921 1023 1766 1645 1189 1371 1584 1457 1900 1267 1511 1691 1426 1127 1626 1254 1271 1349 1617 1251 1672 1322 1116 1912 1135 1330 1865 1864 1021 1508 1499 1193 1040 1808 1537 1464 1680 1465 1566 1811 1555 1347 1160 1711 1201 1829 1981 1471 1565 1678 1336 1310 1930 1812 1151 1196 1764 1126 1755 1106 1054 1657 1957 1055 1406 1623 1877 1759 1708 1301 1193 1566 1041 1882 1529 1753 1923 1618 1538 BCNSPRNW ULIB Ver.6.0+V

เปลี่ยนเป็นภาษาไทย

Change to English
 แสดงรายละเอียดบรรณานุกรม
  กลับหน้าหลัก

Brief Record : Get Marc (ISO 2709) : E-mail record : QR code < ปิดหน้าต่าง
LEADER : 00000nam 2200000uu 4500
001    13399120926
003     ULIB
008    020711s2549 th a 000 0 tha d
020    9741328206
020    9789741328208
050  4 HA29^bค126ค
110    จุฬาลงกรณ์มหาวิทยาลัย.^bคณะวิทยาศาสตร์.^bคณาจารย์ภาควิชาคณิตศาสตร์.
245    ความน่าจะเป็นและสถิติ /^cคณาจารย์ภาควิชาคณิตศาสตร์ คณะวิทยาศาสตร์ จุฬาลงกรณ์มหาวิทยาลัย
250    พิมพ์ครั้งที่ 11
260    กรุงเทพฯ :^bจุฬาลงกรณ์มหาวิทยาลัย,^c2549
300    388 หน้า
650    สถิติ
650    ความน่าจะเป็น
945    ^p195^l0^i14114
945    ^p195^l0^i14115
999    ^aทศพร เกษรทอง
รายการนี้ยังไม่มีแท็ก
คุณยังไม่ได้ล็อกอิน คุณสามารถมีกิจกรรมร่วมกับเว็บไซต์ได้ แต่ต้องล็อกอินก่อน ::
  ล็อกอิน

รายการสื่อสารสนเทศ

ลำดับที่ ประเภท เลขเรียก/บาร์โค้ด สถานที่ สถานะ
1. วิทยาศาสตร์การแพทย์ และสุขภาพ
วิทยาศาสตร์การแพทย์ และสุขภาพ
สถานะ=หนังสือเก่า
HA29 ค126ค ฉ.1 
  Barcode: 14114
ห้องสมุดวิทยาเขตนครสวรรค์
►ส่วนจัดเก็บหนังสือเก่า นว.
บนชั้น
  ขอยืม
2. วิทยาศาสตร์การแพทย์ และสุขภาพ
วิทยาศาสตร์การแพทย์ และสุขภาพ
สถานะ=หนังสือเก่า
HA29 ค126ค ฉ.2 
  Barcode: 14115
ห้องสมุดวิทยาเขตนครสวรรค์
►ส่วนจัดเก็บหนังสือเก่า นว.
บนชั้น
  ขอยืม

รายการใกล้เคียง
    หัวเรื่อง [สถิติ]

BibComment


ยังไม่เคยถูกคอมเมนท์

คอมเมนท์ทรัพยากรรายการนี้
  คอมเมนท์: ความน่าจะเป็นและส..


 Copyright 2026. Bcnsprnw @Library